| 000 | 01454cad a22002535a 4500 | ||
|---|---|---|---|
| 001 | L144866 | ||
| 008 | 080814e20080718xxk f 000 0 eng d | ||
| 020 | _a9781906097288 | ||
| 035 | _a(Sirsi) u144866 | ||
| 041 | 0 | _aeng | |
| 050 | 0 | 4 | _a711.52 $2 18 |
| 100 | 1 | _aLeunig, Tim | |
| 245 | 0 | 0 | _aCities unlimited |
| 260 |
_aLondon _bPolicy Exchange _c2008 |
||
| 505 | 2 | _aIntroduction -- Cities limited -- Success and the city -- Reactions to our work -- Things will only get worse -- We cannot accept this -- What can we do? -- Expanding London -- It will not just be London -- Economic geography outside of the South East -- Setting cities free -- What could cities do? -- Coping with population decline -- Improving governance -- Conclusion | |
| 520 | _aThis controversial report proposes the building of one million houses in Cambridge, Oxford and London with the supposed aim of preventing a widening of the gap between the North and South of the UK. Other measures suggested include stopping funding for regeneration projects and allowing local government to spend funds allocated however they see fit. | ||
| 521 | _aAdvanced | ||
| 651 | 4 |
_aEngland and Wales _y1543- |
|
| 690 | _aPROPERTY-PROPERTY MANAGEMENT-REGENERATION | ||
| 700 | 1 | _aSwaffield, James | |
| 700 | 1 | _aHartwich, Oliver Marc | |
| 856 | 4 | 0 |
_uhttps://www.policyexchange.org.uk/Publications.aspx?id=704 _zView the item free of charge at www.policyexchange.org.uk... |
| 942 | _n0 | ||
| 999 |
_c108634 _d108634 |
||